000 00428nam a2200181Ia 4500
001 22528
005 20260414150837.0
008 260414t2003||||xx |||||||||||||| ||spa||
041 _aESP
082 _a621.382
_bD98
100 _aDurgin, Gregory D.
_eAUT
245 0 _aSpace-time wireless channels
_b
260 _c2003
300 _a345 páginas :
_c24 cm.
650 _aTCA
654 _aCET
942 _cLIB
_dJUS
_fJUS
_2ddc
_n
999 _c22528
_d22528